La escuela y la formación de lectores autónomos

Guardado en:
Detalles Bibliográficos
Autores principales: Charria de Alonso, María Elvira (Autor), Charria de Gómez, María Josefa (Autor)
Formato: Libro
Lenguaje:español
Publicado: Buenos Aires Aique 1992
Edición:3a. ed
Materias:
Etiquetas: Agregar Etiqueta
Sin Etiquetas, Sea el primero en etiquetar este registro!

MARC

LEADER 00000nam a2200000 a 4500
001 UCL0180
003 CL-VaPUC
008 030627e19920000AG |||||||||||||||||spa|d
082 0 4 |a 370  |b CHA  |2 21 
100 0 |a Charria de Alonso, María Elvira  |e author  |9 476962 
700 0 |a Charria de Gómez, María Josefa  |e author  |9 476963 
245 1 3 |a La escuela y la formación de lectores autónomos 
250 |a 3a. ed 
300 |a v 
942 |c BK 
945 |d 20030627 00:00:00  |a cmena 
260 |a Buenos Aires  |b Aique  |c 1992 
500 |a v.3: La biblioteca y la formación de lectores 
650 0 |a Enseñanza de la lectura  |9 308364 
650 0 |a Educación lingüística  |9 306506 
650 0 |a Motivación   |9 315362 
650 0 |a Métodos de enseñanza  |9 270413 
650 7 |a BIBLIOTECAS ESCOLARES  |2 CL-VaPUC  |9 334525 
583 |a last modification  |c 20030627 00:00:00  |k Rodrigo Vera 
999 |c 304198  |d 304196 
952 |0 0  |1 0  |4 0  |6 370_000000000000000_CHA_1992  |7 0  |8 A  |9 366087  |a BIBEDU  |b BIBEDU  |d 2019-11-21  |h v.3  |i 3918424  |o 370 CHA 1992  |p 3918424  |r 2019-11-21  |w 2019-11-21  |y BK  |k EPE